| 000 | 01441cam a2200397 i 4500 | ||
|---|---|---|---|
| 001 | 200468145 | ||
| 003 | TR-AnTOB | ||
| 005 | 20260416121747.0 | ||
| 007 | ta | ||
| 008 | 260416s1968 iluab b 000 1 eng d | ||
| 010 | _a 67011991 | ||
| 035 | _a2171209 | ||
| 035 | _a(DLC) 67011991 | ||
| 040 |
_aDLC _beng _erda _cDLC _dDLC _dTR-AnTOB |
||
| 041 | 0 | _aeng | |
| 050 | 0 | 0 |
_aPS2384 _b.O6 1968 |
| 090 |
_aPS2384 _b.O6 1968 TıpFaK |
||
| 100 | 1 |
_aMelville, Herman, _d1819-1891. _eauthor _942465 |
|
| 245 | 1 | 0 |
_aOmoo : _ba narrative of adventures in the South Seas / _c[edited by Harrison Hayford, Hershel Parker and G. Thomas Tanselle]. |
| 264 | 1 |
_aEvanston [Ill.] : _bNorthwestern University Press, _c1968. |
|
| 300 |
_axv, 380 pages : _billus., map ; _c25 cm. |
||
| 336 |
_atext _btxt _2rdacontent |
||
| 337 |
_aunmediated _bn _2rdamedia |
||
| 338 |
_avolume _bnc _2rdacarrier |
||
| 490 | 0 |
_aWritings of Herman Melville. Northwestern-Newberry ed. ; _vv. 2 |
|
| 504 | _a"Historical note, by Gordon Roper": p. 319-344. | ||
| 651 | 0 |
_aPolynesia _xDescription and travel _vFiction. |
|
| 655 | 7 |
_aAdventure stories. _2gsafd |
|
| 655 | 7 |
_aFiction. _2lcgft _0https://id.loc.gov/authorities/genreForms/gf2014026339 _9151487 |
|
| 700 |
_aHayford, Harrison _eeditor _942467 |
||
| 700 | 1 |
_aParker, Hershel _eeditor _942468 |
|
| 700 | 1 |
_aTanselle, G. Thomas _eeditor _9153718 |
|
| 942 |
_2lcc _cBK |
||
| 999 |
_c200468145 _d86357 |
||